000 00626nam a22002057a 4500
003 OSt
005 20140310182349.0
008 130928t xxu||||| |||| 00| 0 eng d
050 _aQ 160
_b.B256 1966
082 _aGS 500
_bB23 1966
100 _aBarnard, Darrell J.
_922080
245 _aScience for tomorrow's world /
_cDarrell J. Barnard ,Celia Stendler , Benjamin Spock.
260 _aNew York :
_bThe Macmillan Company,
_cc1966.
300 _a343 p. :
_bill, ;
_c24 cm.
541 _j1
562 _e1
650 _aScience
_xJuvenile literature
_922081
650 _aScience
_97100
942 _2lcc
_cBK-GS
999 _c12298
_d12298